Jak žít a vyhnout se syndromu vyhoření / Radkin Honzák
Populárně-naučná publikace se snaží najít cestu k duševnímu zdraví a poskytuje rady, jak se vyhnout syndromu vyhoření.
Syndrom vyhoření (burnout) je definován jako stav naprostého fyzického a psychického vyčerpání, který s sebou nese vážné zdravotní důsledky. Navíc do tohoto stavu se dostávají lidé, kteří se snažili pracovat a žít s plným nasazením, neboť - jak říká autor: "Kdo vyhořel, musel předtím hořet." Proto se autor, renomovaný český psychiatr, zaměřuje na to, jak projít životem radostněji a bez zbytečných chyb. Kniha popisuje syndrom vyhoření, jak vzniká, co se na něm podílí, ale především se snaží najít cestu, jak se mu vyhnout.
Record details
- ISBN: 978-80-7429-331-3 (brož.) :
- Physical Description: 229 s. : il. ; 21 cm
- Edition: Vyd. 1.
- Publisher: Praha : Vyšehrad, 2013
Content descriptions
| Bibliography, etc. Note: | Obsahuje bibliografické odkazy |
Search for related items by subject
| Subject: | syndrom vyhoření emoce psychohygiena zvládání stresu životní harmonie burn-out syndrome emotions mental hygiene stress management harmony of life |
| Genre: | populárně-naučné publikace popular works |
Available copies
- 1 of 1 copy available at Common Catalog SPOK.
Holds
- 0 current holds with 1 total copy.
Show All Copies
| Location | Call Number / Copy Notes | Barcode | Shelving Location | Status | Due Date |
|---|---|---|---|---|---|
| Jabok Library | Psy-10/H | 424480035400 | Odborná literatura | Available | - |
| LDR | 05229nam a2201309 a 4500 | ||
|---|---|---|---|
| 001 | 18719 | ||
| 003 | CZ-PrJAB | ||
| 005 | 20140722091126.0 | ||
| 007 | ta | ||
| 008 | 130314s2013 xr a e f 000 0 cze | ||
| 015 | . | ‡acnb002447053 | |
| 020 | . | ‡a978-80-7429-331-3 (brož.) : ‡cKč 248,00 | |
| 035 | . | ‡a(CZ PrSKC)nkc20132447053 | |
| 035 | . | ‡a(OCoLC)842345315 | |
| 040 | . | ‡aABA001 ‡bcze | |
| 072 | 7. | ‡a159.93/.94 ‡xSenzorické a motorické funkce. Emoce. Vůle ‡2Konspekt ‡917 | |
| 080 | . | ‡a159.944.4 ‡2MRF | |
| 080 | . | ‡a159.942 ‡2MRF | |
| 080 | . | ‡a159.913 ‡2MRF | |
| 080 | . | ‡a613.86 ‡2MRF | |
| 080 | . | ‡a17.02 ‡2MRF | |
| 080 | . | ‡a(0.062) ‡2MRF | |
| 100 | 1 | . | ‡aHonzák, Radkin, ‡d1939- ‡7jn19990209257 ‡4aut |
| 245 | 1 | 0. | ‡aJak žít a vyhnout se syndromu vyhoření / ‡cRadkin Honzák |
| 250 | . | ‡aVyd. 1. | |
| 260 | . | ‡aPraha : ‡bVyšehrad, ‡c2013 | |
| 300 | . | ‡a229 s. : ‡bil. ; ‡c21 cm | |
| 504 | . | ‡aObsahuje bibliografické odkazy | |
| 520 | . | ‡aPopulárně-naučná publikace se snaží najít cestu k duševnímu zdraví a poskytuje rady, jak se vyhnout syndromu vyhoření. | |
| 520 | . | ‡aSyndrom vyhoření (burnout) je definován jako stav naprostého fyzického a psychického vyčerpání, který s sebou nese vážné zdravotní důsledky. Navíc do tohoto stavu se dostávají lidé, kteří se snažili pracovat a žít s plným nasazením, neboť - jak říká autor: "Kdo vyhořel, musel předtím hořet." Proto se autor, renomovaný český psychiatr, zaměřuje na to, jak projít životem radostněji a bez zbytečných chyb. Kniha popisuje syndrom vyhoření, jak vzniká, co se na něm podílí, ale především se snaží najít cestu, jak se mu vyhnout. | |
| 650 | 0 | 7. | ‡asyndrom vyhoření ‡7ph116370 ‡2czenas |
| 650 | 0 | 7. | ‡aemoce ‡7ph114465 ‡2czenas |
| 650 | 0 | 7. | ‡apsychohygiena ‡7ph115945 ‡2czenas |
| 650 | 0 | 7. | ‡azvládání stresu ‡7ph135858 ‡2czenas |
| 650 | 0 | 7. | ‡aživotní harmonie ‡7ph138147 ‡2czenas |
| 650 | 0 | 9. | ‡aburn-out syndrome ‡2eczenas |
| 650 | 0 | 9. | ‡aemotions ‡2eczenas |
| 650 | 0 | 9. | ‡amental hygiene ‡2eczenas |
| 650 | 0 | 9. | ‡astress management ‡2eczenas |
| 650 | 0 | 9. | ‡aharmony of life ‡2eczenas |
| 655 | 7. | ‡apopulárně-naučné publikace ‡7fd131864 ‡2czenas | |
| 655 | 9. | ‡apopular works ‡2eczenas | |
| 910 | . | ‡aABG312 | |
| 901 | . | ‡a18719 ‡b ‡c18719 ‡tbiblio | |